000 00424nam a2200157Ia 4500
008 220531s9999 xx 000 0 und d
041 _amar
100 _aमुळे ज्ञानेश्‍वर
_952430
245 _aनोकरशाहीचे रंग
260 _bSadhana
_c2005
300 _a286
542 _d18-02-2009
650 _aSociology
_952431
906 _d2008-2009
999 _c30434
_d30434